| 000 | 01640cam a22004217a 4500 | ||
|---|---|---|---|
| 003 | CHAP | ||
| 005 | 20220329142813.0 | ||
| 008 | 040128s2003 mx r 00010 spa d | ||
| 010 | _a88008 | ||
| 011 | _a88980 | ||
| 035 | _a99529 | ||
| 040 | _cCHAP | ||
| 090 | _aTesis | ||
| 100 | 0 | 0 |
_aHernández Flores, Benjamín. _954003 |
| 245 | 1 | 0 |
_aDosis de fertilización y uso de un bioestimulante en el cultivo de papa (Solanum tuberosum L.) _c/por Benjamín Hernández Flores y José Vergara Hernández |
| 260 |
_aChapingo, Méx. : _bEl autor, _c2003. |
||
| 300 |
_a81 h.: _bgrafs.; Agr. |
||
| 502 | _aTesis (Ing. Agr. Esp. en Fitotecnia) -- UACH. Departamento de Fitotecnia. | ||
| 530 | _aTambién disponible en línea | ||
| 590 |
_aALEPH _b10 _c20130110 _lUCH01 _h1456 |
||
| 590 |
_aBATCH-UPD _b10 _c20130110 _lUCH01 _h0503 |
||
| 590 |
_aBATCH-UPD _b10 _c20130410 _lUCH01 _h0141 |
||
| 590 |
_aBATCH-UPD _b10 _c20130410 _lUCH01 _h1616 |
||
| 590 |
_aBATCH-UPD _b10 _c20130914 _lUCH01 _h1400 |
||
| 590 |
_aBATCH-UPD _b10 _c20140324 _lUCH01 _h1442 |
||
| 590 |
_aBATCH-UPD _b10 _c20141002 _lUCH01 _h0820 |
||
| 590 |
_aCONVERSION _b10 _c20130109 _lUCH01 _h1349 |
||
| 650 | 1 | 4 |
_aFertilizantes _xEfecto en papa. _940534 |
| 650 | 1 | 4 |
_aPapa _xAspectos económicos. _985173 |
| 650 | 1 | 4 |
_aPlantas _xCrecimiento _xAditivos. _988804 |
| 700 | 0 |
_aVergara Hernández, José. _9118887 |
|
| 856 |
_3Finding aid _uhttp://10.13.5.2/tesis/99529.pdf _zTeclea aqui |
||
| 901 | _aBK | ||
| 905 | _ae.a.h. | ||
| 942 | _cFOLL | ||
| 949 |
_aTesis _bBC _cTES _d33724000912283 _eTS2 _fc.2 _gDonaciØn _h40278 _i99529 _si |
||
| 949 |
_aTesis _bBC _cTES _d99529 _eTS1 _gDonaciØn _h40277 _i99529 _sb |
||
| 999 |
_c88008 _d88008 |
||